000 00622cam a2200205 4500500
005 20260329002831.0
041 _afre
042 _adc
100 1 0 _aLacroix, Alexandre
_eauthor
245 0 0 _aCamus et le choc des civilisations en 1946
260 _c2013.
500 _a12
690 _aAlgérie
690 _aCamus
690 _aChoc des civilisations
690 _aColonialisme
690 _aSamuel Huntington
786 0 _nPhilosophie magazine | 75 | 12 | 2013-12-01 | p. 2-2 | 1951-1787
856 4 1 _uhttps://shs.cairn.info/magazine-philosophie-magazine-2013-12-page-2?lang=fr&redirect-ssocas=7080
999 _c1818861
_d1818861